000 00311nam a22001337a 4500
020 _a93-5085-859-2
082 _a823
_bTIN/S
100 _aTINKLE
245 _aSHIKARI SHAMBU ON THE RUN
260 _aMUMBAI
_bAMAR CHITRA KATHA PVT LTD
_c2022
300 _a72
650 _aCOMIC FOR CHILDREN
_zINDIA
942 _cBK
999 _c7039
_d7039